000 00746cab a2200253 4500
001 WB3220-06
008 090401t1996 xxu||||| |||| 00| 0 eng d
035 _a(Sirsi) u8069
041 _aeng
245 _aRising damp
260 _c1996
350 _a0
490 _aDaily Telegraph
_v22 May 1996, 37(2)
520 _aA survey by South Bank University has found that the majority of surveyors misdiagnose condensation for rising damp. Looks at correct procedure.
650 _aCONDENSATION
650 _aDAMP
650 _aMORTGAGE VALUATIONS
650 _aRISING DAMP
650 _aSOUTH BANK UNIVERSITY
690 _aBUILT ENVIRONMENT-BUILDING PATHOLOGY
690 _aPROFESSIONAL PRACTICE
942 _n0
948 _c04/03/1997
999 _c4919
_d4919